[Event "UZB-ch (Women)"]
[Site "Tashkent"]
[Date "2024.04.23"]
[Round "7"]
[White "Bobomurodova, Maftuna"]
[Black "Khalilova, Madinabonu"]
[Result "1/2-1/2"]
[WhiteElo "2008"]
[BlackElo "1968"]
[PlyCount "143"]
[EventDate "2024.04.20"]
[EventType "tourn (rapid)"]
[EventRounds "17"]
[EventCountry "UZB"]
[SourceTitle "CB18_2024"]
[SourceDate "2024.05.01"]
[SourceVersion "1"]
[SourceVersionDate "2024.05.01"]
[SourceQuality "2"]

1. e4 c5 2. Nf3 d6 3. d4 cxd4 4. Nxd4 Nf6 5. Nc3 g6 6. Be2 Bg7 7. 0-0 0-0 8. Re1 Nc6 9. Nb3 Be6 10. Bf1 d5 11. exd5 Nxd5 12. Nxd5 Bxd5 13. c3 e5 14. Be3 b6 15. f3 Be6 16. Qxd8 Raxd8 17. Nd2 Ne7 18. Red1 Nf5 19. Bf2 Nd6 20. a4 Rd7 21. Ne4 Nxe4 22. fxe4 Rc7 23. a5 Rb8 24. axb6 axb6 25. Ra6 Rcb7 26. Bb5 Bf8 27. c4 Rc8 28. b3 Bc5 29. Raa1 Rbc7 30. Kf1 Kf8 31. h3 Ke7 32. Bg3 f6 33. Ke2 Rb8 34. Bh4 Bc8 35. g4 g5 36. Bf2 Bd6 37. Kf3 Bb4 38. Rd3 h5 39. Rh1 h4 40. Ra1 Bd6 41. Rad1 Bc5 42. Be1 Bd4 43. Bb4+ Bc5 44. Bc3 Kf7 45. Ra1 Be7 46. Rd2 Be6 47. Ke2 Bc8 48. Rf1 Kg7 49. Rfd1 Kf7 50. Ra1 Be6 51. Rda2 Bc8 52. Ra7 Rbb7 53. Ra8 Be6 54. R1a4 Rc5 55. R4a7 Rcc7 56. Rxb7 Rxb7 57. Bc6 Rc7 58. Bd5 Bxd5 59. exd5 b5 60. Ba5 Rd7 61. Kd3 bxc4+ 62. bxc4 Rb7 63. Bc3 Rb1 64. Ra7 Ke8 65. Ra1 Rb7 66. Ke4 Rb3 67. Rc1 Ba3 68. Rc2 Rb1 69. Ba5 Bc5 70. Ra2 Rh1 71. Kf5 Kf7 72. Ke4 1/2-1/2